[Event "26th EUR-ch"]
[Site "Katowice POL"]
[Date "2026.04.19"]
[Round "11.110"]
[White "Musial, Igor"]
[Black "Kuegel, Tobias"]
[Result "0-1"]
[WhiteElo "2270"]
[BlackElo "2398"]
[EventDate "2026.04.07"]
[PlyCount "74"]

1.e4 e5 2.Nf3 Nf6 3.Nxe5 d6 4.Nf3 Nxe4 5.Bd3 d5 6.O-O Be7 7.c4 Nc5 8.Be2 
d4 9.d3 Nc6 10.Bf4 g5 11.Bd2 a5 12.Na3 Bf5 13.Nb5 Rg8 14.Ne1 Qd7 15.h3 Nd8
16.Bg4 Bxg4 17.Qxg4 Qxg4 18.hxg4 Nde6 19.Rd1 c6 20.Na3 Na4 21.Nac2 Nxb2 
22.Rb1 Na4 23.Rxb7 Nac5 24.Rb1 Kd7 25.Nf3 Bf6 26.Rfd1 Rgb8 27.Rxb8 Rxb8 
28.Bxa5 Rb2 29.Nce1 Rxa2 30.Bd2 Nb3 31.Kf1 h5 32.gxh5 g4 33.h6 gxf3 34.
Nxf3 Ra8 35.Rb1 Nxd2+ 36.Nxd2 Nc5 37.g4 Rh8 0-1

[Event "26th EUR-ch"]
[Site "Katowice POL"]
[Date "2026.04.19"]
[Round "11.111"]
[White "Smolik, Jachym"]
[Black "Karvatskyi, Oleksii"]
[Result "0-1"]
[WhiteElo "2395"]
[BlackElo "2269"]
[EventDate "2026.04.07"]
[PlyCount "72"]

1.Nf3 Nf6 2.c4 e6 3.Nc3 d5 4.e3 a6 5.b3 Be7 6.Bb2 O-O 7.Rc1 dxc4 8.bxc4 c5
9.Be2 Nbd7 10.d4 cxd4 11.exd4 b6 12.O-O Bb7 13.Bd3 Qc7 14.Re1 Bd6 15.h3 
Bf4 16.Rc2 Rfd8 17.d5 Nc5 18.Ne2 exd5 19.Nxf4 Qxf4 20.Be5 Qh6 21.Rd2 dxc4 
22.Bxh7+ Kxh7 23.Rxd8 Bxf3 24.gxf3 Rxd8 25.Qxd8 Nd3 26.Re3 Qg5+ 27.Bg3 
Nxf2 28.f4 Nxh3+ 29.Kf1 Nxf4 30.Qxb6 N6d5 31.Qb1+ Nd3 32.Rf3 Qg4 33.Kg2 
Qe4 34.Qh1+ Kg8 35.Kh2 c3 36.Qf1 Ne3 0-1

[Event "26th EUR-ch"]
[Site "Katowice POL"]
[Date "2026.04.19"]
[Round "11.112"]
[White "Schippke, Manon"]
[Black "Rubes, Jan"]
[Result "1-0"]
[WhiteElo "2269"]
[BlackElo "2393"]
[EventDate "2026.04.07"]
[PlyCount "95"]

1.d4 Nf6 2.c4 e6 3.Nf3 c5 4.d5 exd5 5.cxd5 d6 6.Nc3 g6 7.Bf4 a6 8.a4 Bg7 
9.h3 O-O 10.e3 Ne8 11.Be2 Nd7 12.O-O Qe7 13.Nd2 f5 14.Nf3 h6 15.Bd3 g5 16.
Bg3 Ndf6 17.Nd2 Rb8 18.Qe2 Bd7 19.a5 Rd8 20.Rae1 Nc7 21.Bxd6 Qxd6 22.Nc4 
Qe7 23.d6 Qe6 24.dxc7 Rde8 25.Rd1 Kh8 26.Bc2 Ne4 27.Bxe4 fxe4 28.Nd6 Re7 
29.Ncxe4 Qe5 30.Nc3 Be6 31.c8=Q Bxc8 32.Nxc8 Rxc8 33.Qg4 Qe6 34.Nd5 Qxg4 
35.hxg4 Re4 36.f3 Re6 37.Nb6 Rce8 38.Nc4 Rxe3 39.Nxe3 Rxe3 40.Rd8+ Kh7 41.
Rd7 Kg8 42.Rxb7 Bd4 43.Kh2 Re2 44.Rc1 Kf8 45.Kh3 Ke8 46.b4 Rb2 47.Re1+ Kd8
48.Rb6 1-0

[Event "26th EUR-ch"]
[Site "Katowice POL"]
[Date "2026.04.19"]
[Round "11.113"]
[White "Sherman, Raem"]
[Black "Goderdzishvili, Giga"]
[Result "1-0"]
[WhiteElo "2391"]
[BlackElo "2261"]
[EventDate "2026.04.07"]
[PlyCount "77"]

1.e4 d5 2.exd5 Qxd5 3.Nc3 Qd6 4.Nf3 Nf6 5.d4 g6 6.g3 Bg7 7.Bf4 Qb6 8.Qd2 
c6 9.O-O-O O-O 10.h4 Bg4 11.Be2 Rd8 12.Na4 Qb5 13.Bxb5 cxb5 14.Ne5 Bxd1 
15.Nc5 Bg4 16.Nxg4 Nxg4 17.Qe2 Nf6 18.Qxb5 b6 19.Nb3 Nbd7 20.Kb1 e6 21.Qe2
a5 22.a4 Nd5 23.Bg5 Rdc8 24.c4 Nb4 25.h5 e5 26.hxg6 hxg6 27.Qg4 f5 28.Qe2 
Re8 29.c5 bxc5 30.Qc4+ Kf8 31.Nxc5 Nxc5 32.Qxc5+ Kg8 33.dxe5 Bxe5 34.Qc4+ 
Kf8 35.Bh6+ Bg7 36.Bxg7+ Kxg7 37.Qd4+ Kf7 38.Rh7+ Ke6 39.f4 1-0

[Event "26th EUR-ch"]
[Site "Katowice POL"]
[Date "2026.04.19"]
[Round "11.115"]
[White "Lehaci, Miruna-Daria"]
[Black "Kurmann, Oliver"]
[Result "1/2-1/2"]
[WhiteElo "2258"]
[BlackElo "2377"]
[EventDate "2026.04.07"]
[PlyCount "159"]

1.e4 c5 2.c3 Nf6 3.e5 Nd5 4.Bc4 e6 5.d4 d6 6.Nf3 Nc6 7.O-O Be7 8.Qe2 O-O 
9.Qe4 cxd4 10.cxd4 Bd7 11.Bb3 Na5 12.Bc2 g6 13.Bh6 Re8 14.Nc3 Rc8 15.Qg4 
Nxc3 16.bxc3 Rxc3 17.Rac1 Bb5 18.Rfe1 Qc7 19.Bb1 Rc8 20.Rxc3 Qxc3 21.Bd2 
Qa3 22.d5 Rc4 23.Qg3 Bd7 24.h3 b6 25.Bf4 Nb7 26.exd6 Bxd6 27.Bxd6 Nxd6 28.
Qg5 Bc8 29.Ne5 Qc3 30.Rd1 Rd4 31.Rc1 Qd2 32.Qd8+ Kg7 33.Qc7 Rxd5 34.Nxf7 
Nxf7 35.Qxc8 Rc5 36.Rxc5 bxc5 37.Qxc5 Qe1+ 38.Kh2 Qxb1 39.Qxa7 Qe4 40.a4 
Kf6 41.a5 Qe5+ 42.Kg1 Qe1+ 43.Kh2 Qe5+ 44.Kg1 h5 45.a6 Nd6 46.Qa8 Nb5 47.
h4 Ke7 48.Qb7+ Kd8 49.Qa8+ Kd7 50.Qb7+ Nc7 51.a7 Qa5 52.g3 Kd6 53.Kh2 Qd5 
54.Qb4+ Kd7 55.Qf8 Qa2 56.Qc5 Qa6 57.Qd4+ Kc8 58.Qh8+ Kb7 59.Qb8+ Kc6 60.
Kg1 Qb7 61.Kh2 Kb6 62.Kg1 Na8 63.Qe8 Qe4 64.Qd7 Ka6 65.Qe7 Qb1+ 66.Kh2 Qb6
67.Kg1 Qxa7 68.Qxe6+ Qb6 69.Qe2+ Kb7 70.g4 hxg4 71.Qxg4 Qf6 72.h5 gxh5 73.
Qxh5 Nc7 74.Qc5 Ne6 75.Qb5+ Kc7 76.Qa5+ Kd7 77.Qd5+ Ke7 78.Qb7+ Kf8 79.
Qa8+ Kg7 80.Qb7+ 1/2-1/2

[Event "26th EUR-ch"]
[Site "Katowice POL"]
[Date "2026.04.19"]
[Round "11.116"]
[White "Vagman, Roy"]
[Black "Celik, Ali Alper"]
[Result "1/2-1/2"]
[WhiteElo "2377"]
[BlackElo "2256"]
[EventDate "2026.04.07"]
[PlyCount "92"]

1.e4 e6 2.d4 d5 3.Nd2 c5 4.Ngf3 cxd4 5.Nxd4 Nc6 6.Bb5 Ne7 7.O-O Bd7 8.N4f3
a6 9.Bd3 Qc7 10.c3 g6 11.Qe2 Bg7 12.exd5 exd5 13.Nb3 O-O 14.Bg5 Rfe8 15.
Qd2 Bg4 16.Bf4 Qb6 17.Be2 Rad8 18.Be3 Qc7 19.Nbd4 Nxd4 20.Bxd4 Bxf3 21.
Bxf3 Bxd4 22.cxd4 Nc6 23.Rac1 Qe7 24.Rfd1 Qh4 25.Qc3 Rc8 26.Bxd5 Ne7 27.
Qf3 Nxd5 28.Rxc8 Rxc8 29.Qxd5 Rc2 30.Qf3 Rxb2 31.d5 Qb4 32.a3 Qd6 33.Re1 
Rb5 34.Qc3 f6 35.Qc8+ Kg7 36.h4 Rxd5 37.Qxb7+ Kh6 38.g3 Rd1 39.Rxd1 Qxd1+ 
40.Kg2 Qd6 41.a4 f5 42.a5 Qe6 43.Qb6 Qe4+ 44.Kh2 Qe1 45.Kg2 Qe4+ 46.Kg1 
Qe1+ 1/2-1/2

[Event "26th EUR-ch"]
[Site "Katowice POL"]
[Date "2026.04.19"]
[Round "11.119"]
[White "Podolskyi, Mykhailo"]
[Black "Perossa, Nicolas"]
[Result "1-0"]
[WhiteElo "2255"]
[BlackElo "2362"]
[EventDate "2026.04.07"]
[PlyCount "99"]

1.d4 d5 2.c4 e6 3.Nc3 Nf6 4.cxd5 exd5 5.Bg5 c6 6.Qc2 h6 7.Bh4 Be7 8.e3 O-O
9.Bd3 Re8 10.Nf3 Nbd7 11.O-O Ne4 12.Bxe4 Bxh4 13.Bh7+ Kh8 14.Bd3 Be7 15.
Rab1 a5 16.a3 Bd6 17.b4 Nb6 18.b5 c5 19.dxc5 Bxc5 20.a4 Bg4 21.Ne2 Bxf3 
22.gxf3 Rc8 23.Qb3 Qf6 24.f4 h5 25.Kh1 g6 26.Rg1 Nc4 27.Rbd1 Bb4 28.Rg5 
Nd2 29.Qa2 Ne4 30.Bxe4 dxe4 31.Kg2 Rc7 32.Qb1 Rc5 33.Rxc5 Bxc5 34.Rd5 Bf8 
35.h3 Bg7 36.Rd7 Re7 37.Qd1 Qe6 38.Rxe7 Qxe7 39.Qd5 b6 40.Qc6 Qb4 41.Qxb6 
Qxa4 42.Qb8+ Kh7 43.b6 Qd1 44.b7 Qxe2 45.Qd8 Qf3+ 46.Kg1 Qxh3 47.b8=Q Qg4+
48.Kh2 Qe2 49.Qg8+ Kh6 50.Qh8+ 1-0

[Event "26th EUR-ch"]
[Site "Katowice POL"]
[Date "2026.04.19"]
[Round "11.120"]
[White "Plichta, Kamil"]
[Black "Prisacaru, Stefan-Emilian"]
[Result "1-0"]
[WhiteElo "2361"]
[BlackElo "2243"]
[EventDate "2026.04.07"]
[PlyCount "55"]

1.e4 c6 2.d4 d5 3.exd5 cxd5 4.Bd3 Nc6 5.c3 e6 6.Nf3 Bd6 7.O-O Nge7 8.Re1 
O-O 9.Nbd2 Ng6 10.g3 Re8 11.Bxg6 hxg6 12.Ne5 Bxe5 13.dxe5 d4 14.Qg4 b6 15.
Nf3 Bb7 16.c4 Ne7 17.Ng5 Nf5 18.Qh3 Nh6 19.Ne4 Nf5 20.Bg5 Re7 21.Rad1 Qf8 
22.g4 Nh6 23.Nf6+ Kh8 24.Rxd4 Rc7 25.Red1 Rcc8 26.Rd7 Bc6 27.Bxh6 gxh6 28.
Rxf7 1-0

[Event "26th EUR-ch"]
[Site "Katowice POL"]
[Date "2026.04.19"]
[Round "11.121"]
[White "Beydullayeva, Govhar"]
[Black "Drazic, Sinisa"]
[Result "1-0"]
[WhiteElo "2358"]
[BlackElo "2239"]
[EventDate "2026.04.07"]
[PlyCount "79"]

1.d4 Nf6 2.c4 e6 3.Nf3 b6 4.a3 Bb7 5.Nc3 Ne4 6.Nxe4 Bxe4 7.Bf4 d6 8.e3 Be7
9.Bd3 Bxd3 10.Qxd3 Nd7 11.Rd1 O-O 12.e4 a5 13.O-O Qc8 14.Rfe1 f6 15.Nd2 
Rf7 16.Nb1 Qb7 17.Nc3 Bf8 18.b4 c6 19.Qb1 axb4 20.axb4 e5 21.Be3 Qc8 22.
Qb3 exd4 23.Bxd4 c5 24.Be3 cxb4 25.Nd5 Qc6 26.Nxb4 Qxe4 27.Nd5 Qf5 28.Ra1 
Rxa1 29.Rxa1 Qe5 30.Ra8 f5 31.h3 h6 32.Qb5 Qe4 33.f3 Qd3 34.Bf4 Qd4+ 35.
Kh2 Ne5 36.Bxe5 Qxe5+ 37.f4 Qe6 38.Qxb6 Qd7 39.Rd8 Qa7 40.Rxf8+ 1-0

[Event "26th EUR-ch"]
[Site "Katowice POL"]
[Date "2026.04.19"]
[Round "11.122"]
[White "Perets, Dmytro"]
[Black "Morkunas, Gustas"]
[Result "0-1"]
[WhiteElo "2253"]
[BlackElo "2350"]
[EventDate "2026.04.07"]
[PlyCount "80"]

1.c4 e6 2.Nf3 d5 3.g3 d4 4.Bg2 Nc6 5.O-O Nh6 6.e3 Nf5 7.e4 Nfe7 8.d3 Ng6 
9.Na3 e5 10.Nc2 a5 11.Rb1 Be7 12.b3 h5 13.h3 Nf8 14.Qd2 h4 15.g4 f6 16.Kh2
Be6 17.Ng1 g5 18.Ne2 Kf7 19.Ba3 Nd7 20.Ra1 Bxa3 21.Nxa3 Qe7 22.Nc2 Rhb8 
23.a4 Nc5 24.Rfb1 Bd7 25.Bf3 Nd8 26.Nc1 Nde6 27.Bd1 c6 28.Ne2 b5 29.axb5 
cxb5 30.Na3 b4 31.Nc2 Bc6 32.Ne1 Qb7 33.Bc2 a4 34.Nc1 axb3 35.Bxb3 Nf4 36.
Nc2 Bxe4 37.dxe4 Nxe4 38.c5+ Kg7 39.Qxb4 Qc6 40.Qe1 Nd2 0-1

[Event "26th EUR-ch"]
[Site "Katowice POL"]
[Date "2026.04.19"]
[Round "11.124"]
[White "Ringuet, Noe"]
[Black "Dubnevych, Maksym"]
[Result "1/2-1/2"]
[WhiteElo "2220"]
[BlackElo "2341"]
[EventDate "2026.04.07"]
[PlyCount "98"]

1.d4 d5 2.Bf4 Nf6 3.e3 e6 4.Nd2 c5 5.Ngf3 Nc6 6.c3 Nh5 7.Bg5 f6 8.Bh4 g6 
9.Bd3 cxd4 10.cxd4 Bd6 11.O-O O-O 12.Rc1 Qe7 13.Ne1 Kh8 14.Be2 Ng7 15.Bg3 
Bxg3 16.hxg3 e5 17.Nb3 e4 18.Nc5 g5 19.g4 Rd8 20.Qd2 h5 21.gxh5 Nf5 22.b4 
Nd6 23.b5 Nb8 24.Nc2 g4 25.g3 Qe8 26.Kg2 Nxb5 27.Bxb5 Qxb5 28.Rb1 Qc6 29.
Rfc1 b6 30.Nb3 Qd6 31.Qb4 Nc6 32.Qxd6 Rxd6 33.a4 Ba6 34.Na3 Bd3 35.Nb5 Rd7
36.Ra1 Nb4 37.Rc3 a5 38.Nc1 Bc2 39.Ne2 Bd3 40.Nf4 Bxb5 41.axb5 Kh7 42.Kf1 
Raa7 43.Ke2 Rdc7 44.Rac1 Rxc3 45.Rxc3 a4 46.Ra3 Nc2 47.Ra2 Nb4 48.Ra3 Nc2 
49.Ra2 Nb4 1/2-1/2

[Event "26th EUR-ch"]
[Site "Katowice POL"]
[Date "2026.04.19"]
[Round "11.125"]
[White "Gagic, Milan"]
[Black "Mierins, Emils Janis"]
[Result "1/2-1/2"]
[WhiteElo "2337"]
[BlackElo "2223"]
[EventDate "2026.04.07"]
[PlyCount "81"]

1.e4 c5 2.Nf3 Nc6 3.Bb5 d6 4.O-O Bd7 5.Re1 Nf6 6.c3 a6 7.Bf1 Bg4 8.h3 Bxf3
9.Qxf3 e6 10.Qd1 Be7 11.d3 O-O 12.Nd2 b5 13.a4 Qb6 14.g3 Rab8 15.Bg2 Rfc8 
16.Qc2 Nd7 17.Kh2 c4 18.d4 e5 19.Nf3 exd4 20.Nxd4 Nxd4 21.cxd4 Bf6 22.axb5
axb5 23.e5 dxe5 24.dxe5 Nxe5 25.Be3 Qd6 26.Ba7 Nd3 27.Red1 Qb4 28.Bxb8 
Rxb8 29.Rab1 Nxb2 30.Qf5 Qe7 31.Rd7 Qe6 32.Be4 g6 33.Qxe6 fxe6 34.Rc7 b4 
35.Bf3 c3 36.Bg4 Re8 37.Ra1 Bd8 38.Rb7 h5 39.Raa7 hxg4 40.Rg7+ Kh8 41.Rh7+
1/2-1/2

[Event "26th EUR-ch"]
[Site "Katowice POL"]
[Date "2026.04.19"]
[Round "11.126"]
[White "Pycinski, Wladyslaw"]
[Black "Coicev, Matei-Andrei"]
[Result "0-1"]
[WhiteElo "2218"]
[BlackElo "2333"]
[EventDate "2026.04.07"]
[PlyCount "240"]

1.e4 e5 2.Nf3 d6 3.d4 exd4 4.Nxd4 Nf6 5.Nc3 Be7 6.g3 O-O 7.Bg2 Re8 8.O-O 
Bf8 9.h3 c6 10.Re1 Nbd7 11.Bf4 Ne5 12.b3 h6 13.Kh2 Qc7 14.a4 Bd7 15.Be3 
Ng6 16.Qd3 a6 17.a5 c5 18.Nde2 Rac8 19.Qd2 Qd8 20.Nf4 Nxf4 21.Bxf4 Bc6 22.
Nd5 Bxd5 23.exd5 Rc7 24.Rxe8 Qxe8 25.Re1 Re7 26.Rxe7 Bxe7 27.c4 Qd7 28.Qd3
Bd8 29.Bd2 Bc7 30.Bc3 Qd8 31.Qd2 Kf8 32.Bf3 Ne8 33.Kg2 Qd7 34.Qd3 Kg8 35.
h4 Bd8 36.Bd2 Bf6 37.Be3 Qd8 38.Qd2 Qc7 39.Qe1 Kf8 40.Bg4 Bb2 41.Bf5 Nf6 
42.Kg1 Be5 43.Bd2 Bd4 44.Qe2 Ng8 45.Bd3 Qd8 46.Qf3 Qe7 47.Qf5 Qd8 48.Qf3 
Qe8 49.Kg2 Nf6 50.Bf5 Kg8 51.Bd3 h5 52.Qe2 Qd7 53.Bg5 g6 54.Bxf6 Bxf6 55.
Qc2 Kg7 56.Be4 Qd8 57.Qd2 Bd4 58.Bf3 Qe7 59.Qe2 Qf6 60.Qe8 Bc3 61.Qd7 Be1 
62.Qe8 Bxa5 63.Bd1 Bc3 64.Qe3 Bd4 65.Qf3 Qd8 66.Qd3 Qa5 67.Kf1 Qa1 68.Qc2 
b5 69.cxb5 axb5 70.Kg2 c4 71.bxc4 bxc4 72.Qa4 Qb2 73.Bc2 Qc3 74.Bb1 Qe1 
75.Qc2 Bxf2 76.Qxf2 Qxb1 77.Qd4+ Kg8 78.Qxc4 Qb2+ 79.Kf3 Kg7 80.Qc6 Qe5 
81.Qa8 Qf5+ 82.Kg2 Qe4+ 83.Kf2 Qd3 84.Qc6 Qa3 85.Kg2 Kf6 86.Qb7 Qa2+ 87.
Kg1 Qc2 88.Qa8 Kf5 89.Qb7 Kg4 90.Qb4+ Kh3 91.Kf1 Qg2+ 92.Ke1 Qxg3+ 93.Kd2 
Qg2+ 94.Kc1 Qxd5 95.Qf4 Kg2 96.Qa4 Kg3 97.Kb1 Qe5 98.Qc4 Qf4 99.Qc7 Kxh4 
100.Qe7+ Kg4 101.Qe2+ Kg5 102.Qe8 Qf5+ 103.Kc1 Qe5 104.Qd8+ Qf6 105.Qd7 
Kh6 106.Qe8 Kg7 107.Qe3 h4 108.Qd3 Qe5 109.Qb3 g5 110.Kb1 Qf6 111.Qh3 g4 
112.Qg2 h3 113.Qc2 g3 114.Qb3 g2 115.Qb6 Qg6+ 116.Ka2 g1=R 117.Qd4+ Kg8 
118.Qc3 Qb1+ 119.Ka3 Qc1+ 120.Ka2 Rg2+ 0-1

[Event "26th EUR-ch"]
[Site "Katowice POL"]
[Date "2026.04.19"]
[Round "11.127"]
[White "Unat, Can Haktan"]
[Black "Gov, Guy"]
[Result "0-1"]
[WhiteElo "2333"]
[BlackElo "2221"]
[EventDate "2026.04.07"]
[PlyCount "82"]

1.e4 c6 2.d4 d5 3.e5 Bf5 4.Bd3 Bxd3 5.Qxd3 e6 6.Ne2 c5 7.c3 Nc6 8.Nd2 cxd4
9.cxd4 Nb4 10.Qb3 a5 11.O-O a4 12.Qh3 Qb6 13.Qc3 Ne7 14.a3 Nbc6 15.Nf3 Na5
16.Bf4 Nb3 17.Rad1 Rc8 18.Qd3 Nc6 19.Ng3 h6 20.Nh5 Nca5 21.Bd2 Nc4 22.Bc3 
Qc6 23.Rb1 Nxa3 24.bxa3 Qxc3 25.Qb5+ Qc6 26.Qd3 Qc4 27.Qe3 Qc2 28.Rfe1 Rc3
29.Qf4 Qg6 30.Nf6+ gxf6 31.exf6 Rc8 32.Ne5 Qg5 33.Qf3 Bd6 34.Qd3 O-O 35.h4
Qxf6 36.Nd7 Qf5 37.Qxf5 exf5 38.Nxf8 Kxf8 39.Red1 Bxa3 40.g3 Rc1 41.Rdxc1 
Bxc1 0-1

[Event "26th EUR-ch"]
[Site "Katowice POL"]
[Date "2026.04.19"]
[Round "11.128"]
[White "Rodriguez Redondo, Adhara"]
[Black "Krawczyk, Flawian"]
[Result "0-1"]
[WhiteElo "2203"]
[BlackElo "2329"]
[EventDate "2026.04.07"]
[PlyCount "106"]

1.e4 c5 2.Nf3 Nc6 3.d4 cxd4 4.Nxd4 e5 5.Nb5 d6 6.c4 g6 7.Bd3 Nf6 8.N5c3 
Bg7 9.O-O O-O 10.h3 Be6 11.Nd5 Nd7 12.Nbc3 Nc5 13.Bc2 a5 14.Be3 Nd4 15.Rc1
Qh4 16.Bxd4 exd4 17.Ne2 Bxd5 18.exd5 Rfe8 19.Bd3 Re7 20.Kh1 Bh6 21.Rb1 
Rae8 22.Ng1 Ne4 23.Bxe4 Qxe4 24.Qg4 d3 25.Qxe4 Rxe4 26.b3 d2 27.Nf3 Re2 
28.Rbd1 a4 29.Ng1 R2e4 30.Nf3 a3 31.Kh2 Re2 32.Nd4 Re1 33.Nf3 Rxf1 34.Rxf1
Bg7 35.Rd1 Bc3 36.Nxd2 Re2 37.Nb1 Bb4 38.c5 Rxa2 39.Rc1 Bxc5 40.Nc3 Rxf2 
41.Ne4 Rb2 42.Nxc5 dxc5 43.d6 Rd2 44.Ra1 Rxd6 45.Rxa3 Ra6 46.Rxa6 bxa6 47.
Kg3 Kg7 48.Kf4 Kf6 49.Ke4 Ke6 50.g4 f5+ 51.gxf5+ gxf5+ 52.Kf4 Kf6 53.h4 h5
0-1

[Event "26th EUR-ch"]
[Site "Katowice POL"]
[Date "2026.04.19"]
[Round "11.129"]
[White "Krzywda, Andrzej"]
[Black "Trushko, Andrii"]
[Result "0-1"]
[WhiteElo "2172"]
[BlackElo "2325"]
[EventDate "2026.04.07"]
[PlyCount "82"]

1.e4 c6 2.d4 d5 3.e5 Bf5 4.Bd3 Bxd3 5.Qxd3 e6 6.Ne2 c5 7.c3 Nc6 8.Nd2 Rb8 
9.O-O b5 10.a3 c4 11.Qh3 Nge7 12.g4 g6 13.Qg2 h5 14.h3 hxg4 15.hxg4 Nc8 
16.f4 Kd7 17.Nf3 Be7 18.Be3 Nb6 19.Ng5 Bxg5 20.fxg5 Qe7 21.Rf6 a5 22.Raf1 
Rh7 23.Qf3 Ke8 24.Nf4 Nd8 25.Bf2 Nd7 26.Bg3 Rb6 27.Qe2 Nxf6 28.exf6 Qb7 
29.Be1 Kd7 30.Rf3 Kc8 31.Bg3 b4 32.cxb4 axb4 33.Qe5 bxa3 34.Rxa3 Rxb2 35.
Ra5 Nc6 36.Qd6 Qc7 37.Ra8+ Kb7 38.Qa3 Qb6 39.Bf2 Rh1+ 40.Kxh1 Rxf2 41.Qa1 
Rb2 0-1

[Event "26th EUR-ch"]
[Site "Katowice POL"]
[Date "2026.04.19"]
[Round "11.130"]
[White "Kovalskyi, Roman"]
[Black "Warchol, Kamil"]
[Result "0-1"]
[WhiteElo "2159"]
[BlackElo "2321"]
[EventDate "2026.04.07"]
[PlyCount "62"]

1.e4 c5 2.Nf3 d6 3.d4 cxd4 4.Nxd4 Nf6 5.Nc3 Nc6 6.Bg5 Bd7 7.Qd2 Rc8 8.
O-O-O Nxd4 9.Qxd4 Qa5 10.f4 h6 11.Bxf6 gxf6 12.Kb1 Qc5 13.Qd3 h5 14.Be2 f5
15.e5 e6 16.Bf3 d5 17.Bxd5 exd5 18.Nxd5 Be6 19.Nf6+ Ke7 20.c3 Bh6 21.Qg3 
Qc4 22.b3 Qxf4 23.Rd7+ Kf8 24.Rxb7 Qd2 25.c4 Bf4 26.Qe1 Qd3+ 27.Kb2 Qd4+ 
28.Ka3 Bxe5 29.Rd7 Qb2+ 30.Kb4 Bc3+ 31.Qxc3 a5+ 0-1

[Event "26th EUR-ch"]
[Site "Katowice POL"]
[Date "2026.04.19"]
[Round "11.131"]
[White "Balinski, Damian"]
[Black "Yilmaz, Baver"]
[Result "0-1"]
[WhiteElo "2154"]
[BlackElo "2321"]
[EventDate "2026.04.07"]
[PlyCount "72"]

1.e4 c5 2.Nf3 e6 3.b3 a6 4.c4 Nc6 5.Bb2 Nf6 6.e5 Ng4 7.h3 Nh6 8.Nc3 Nf5 9.
Bd3 Nfd4 10.Ne4 d5 11.exd6 Nxf3+ 12.Qxf3 f5 13.Ng3 Qxd6 14.O-O Bd7 15.Qe2 
O-O-O 16.f4 h5 17.Qe3 h4 18.Ne2 Be8 19.Nc1 Be7 20.Bxg7 Rg8 21.Bc3 Nb4 22.
Bb1 Bc6 23.Rf2 Rg3 24.Qe5 Rdg8 25.Qxd6 Bxd6 26.a3 Rxh3 27.axb4 Rhg3 28.b5 
Rxg2+ 29.Rxg2 Rxg2+ 30.Kf1 Bf3 31.Nd3 h3 32.Nf2 h2 33.Nh1 Rg1+ 34.Kf2 Rxh1
35.Kg3 Rf1 36.Kxh2 Bxf4+ 0-1

[Event "26th EUR-ch"]
[Site "Katowice POL"]
[Date "2026.04.19"]
[Round "11.132"]
[White "Zareba, Piotr"]
[Black "Kucza, Karol"]
[Result "1-0"]
[WhiteElo "2143"]
[BlackElo "2320"]
[EventDate "2026.04.07"]
[PlyCount "193"]

1.e4 e5 2.Nf3 Nc6 3.Bc4 Bc5 4.c3 Nf6 5.d3 d6 6.Bg5 h6 7.Bh4 a6 8.Nbd2 Ba7 
9.O-O g5 10.Bg3 Qe7 11.b4 Nh7 12.a4 h5 13.h4 g4 14.Nh2 Nf8 15.b5 Nd8 16.d4
Ng6 17.Bd5 Nxh4 18.f4 exd4 19.b6 Bxb6 20.Nc4 Ba7 21.f5 dxc3+ 22.Kh1 Nxg2 
23.Kxg2 f6 24.Qd3 Bd7 25.Rae1 Nc6 26.Qxc3 O-O-O 27.Qb3 Bc5 28.a5 Nb4 29.
Bf4 h4 30.Rb1 g3 31.Ng4 Qg7 32.Kh3 Rdg8 33.Bxg8 Rxg8 34.Nce3 Re8 35.Qc3 g2
36.Nxg2 Rxe4 37.Nxh4 Nd5 38.Qg3 Bb5 39.Ng6 Bxf1+ 40.Rxf1 Qd7 41.Bh6 Kb8 
42.Qf3 Qa4 43.Nf8 Rb4 44.Nd7+ Qxd7 45.Qxd5 Qh7 46.Qd2 Rd4 47.Qc1 Qf7 48.
Kh4 Ra4 49.Rf4 Bd4 50.Qd1 Qc4 51.Bg7 c5 52.Kh5 Qf7+ 53.Kh6 Rxa5 54.Nxf6 
Be3 55.Qxd6+ Ka7 56.Ng4 Bxf4+ 57.Qxf4 Ra3 58.Kh7 Rh3+ 59.Nh6 c4 60.Qg4 Rh1
61.Qd4+ b6 62.Qe4 Rh2 63.Qf4 Rh1 64.Qf3 Qb7 65.Qxb7+ Kxb7 66.f6 c3 67.f7 
c2 68.Bb2 Rf1 69.Kg6 Rxf7 70.Nxf7 Kc6 71.Kf5 Kd5 72.Kf4 Kc4 73.Ke3 Kb3 74.
Bc1 a5 75.Nd6 a4 76.Nb5 Kb4 77.Na3 b5 78.Kd4 Ka5 79.Nxc2 b4 80.Bd2 a3 81.
Bxb4+ Kb5 82.Bxa3 Kc6 83.Bc5 Kc7 84.Kd5 Kb7 85.Nb4 Kc7 86.Bd4 Kb7 87.Kd6 
Kc8 88.Na6 Kb7 89.Nc7 Kc8 90.Kc6 Kb8 91.Bc5 Kc8 92.Ba7 Kd8 93.Nd5 Ke8 94.
Kd6 Kf7 95.Ne7 Kg7 96.Be3 Kf6 97.Bd2 1-0

[Event "26th EUR-ch"]
[Site "Katowice POL"]
[Date "2026.04.19"]
[Round "11.133"]
[White "Rzap, Filip"]
[Black "David, Alexandru-Vasile"]
[Result "1/2-1/2"]
[WhiteElo "2123"]
[BlackElo "2314"]
[EventDate "2026.04.07"]
[PlyCount "71"]

1.d4 Nf6 2.c4 e6 3.Nf3 d5 4.Nc3 Be7 5.Bf4 O-O 6.e3 Nbd7 7.a3 c5 8.cxd5 
Nxd5 9.Nxd5 exd5 10.dxc5 Nxc5 11.Be5 Bf6 12.Bxf6 Qxf6 13.Qd4 Qxd4 14.Nxd4 
Bd7 15.f3 Rfe8 16.Kd2 Rac8 17.Bd3 g6 18.g4 Ne6 19.h4 Nxd4 20.exd4 Re6 21.
Rae1 Rxe1 22.Rxe1 Re8 23.Rc1 Rc8 24.Rc5 Be6 25.Ke3 b6 26.Rxc8+ Bxc8 27.g5 
f6 28.Kf4 Kf7 29.Bb5 fxg5+ 30.hxg5 Ke6 31.Bd3 Kd6 32.Ke3 Bh3 33.Kf4 Ke6 
34.Ba6 Kd6 35.Bd3 Ke6 36.Ba6 1/2-1/2

[Event "26th EUR-ch"]
[Site "Katowice POL"]
[Date "2026.04.19"]
[Round "11.134"]
[White "Yekeler, Kerem Sarp"]
[Black "Dovgaliuk, Oleksandr"]
[Result "1/2-1/2"]
[WhiteElo "2116"]
[BlackElo "2309"]
[EventDate "2026.04.07"]
[PlyCount "96"]

1.d4 d5 2.c4 e6 3.Nf3 Nf6 4.Nc3 Nbd7 5.cxd5 exd5 6.Bg5 Bb4 7.e3 c5 8.Bd3 
Qa5 9.Qc2 c4 10.Bf5 O-O 11.O-O Re8 12.Nd2 g6 13.Bh3 Kg7 14.Rae1 Ne4 15.
Ndxe4 dxe4 16.Bf4 Nf6 17.Bxc8 Raxc8 18.Be5 Rxe5 19.dxe5 Qxe5 20.Rd1 Ba5 
21.Ne2 h5 22.Rd4 b5 23.h4 Bb6 24.Rdd1 b4 25.Qd2 Bc5 26.Nf4 a5 27.g3 g5 28.
hxg5 Qxg5 29.Kg2 h4 30.Rh1 Rh8 31.Rh3 c3 32.bxc3 bxc3 33.Qxc3 Qg4 34.Qc2 
Rb8 35.Rb1 Rxb1 36.Qxb1 Qf3+ 37.Kg1 Ng4 38.Qb2+ Kg8 39.Qe2 Nxf2 40.Rxh4 
Qxg3+ 41.Ng2 Be7 42.Rh5 Nh3+ 43.Kf1 Bg5 44.a4 Kg7 45.Qb2+ Bf6 46.Qe2 Bg5 
47.Qb2+ Bf6 48.Qe2 Bg5 1/2-1/2

[Event "26th EUR-ch"]
[Site "Katowice POL"]
[Date "2026.04.19"]
[Round "11.135"]
[White "Tsaknakis, Zisis"]
[Black "Korszanski, Stanislaw"]
[Result "1-0"]
[WhiteElo "2306"]
[BlackElo "2215"]
[EventDate "2026.04.07"]
[PlyCount "87"]

1.e4 e5 2.Nf3 Nc6 3.Bb5 a6 4.Ba4 d6 5.O-O Bd7 6.c3 g6 7.d4 Bg7 8.h3 b5 9.
Bc2 exd4 10.cxd4 Nge7 11.Nc3 O-O 12.Re1 Na5 13.Bf4 h6 14.e5 d5 15.b3 Bf5 
16.Rc1 Qd7 17.Qd2 Bxc2 18.Rxc2 Kh7 19.Nd1 Nac6 20.Ne3 Nd8 21.Ng4 Ng8 22.
Bxh6 Nxh6 23.Qxh6+ Bxh6 24.Nf6+ Kg7 25.Nxd7 Re8 26.Nf6 Re7 27.Nxd5 Rd7 28.
Nxc7 Ra7 29.Ne8+ Kf8 30.Nf6 Rdc7 31.Ree2 Ne6 32.g3 b4 33.d5 Nd8 34.d6 Rc3 
35.Rxc3 bxc3 36.Rc2 Bg7 37.Ng4 Rd7 38.Ng5 Nc6 39.Nh7+ Ke8 40.Nhf6+ Kd8 41.
Nxd7 Nd4 42.Rxc3 Ne2+ 43.Kg2 Nxc3 44.Nc5 1-0

[Event "26th EUR-ch"]
[Site "Katowice POL"]
[Date "2026.04.19"]
[Round "11.136"]
[White "Vasynda, Oleksandr"]
[Black "Lecki, Leonard"]
[Result "1/2-1/2"]
[WhiteElo "2306"]
[BlackElo "2189"]
[EventDate "2026.04.07"]
[PlyCount "85"]

1.d4 d5 2.Nf3 Nf6 3.Bf4 c5 4.e3 Nc6 5.c3 e6 6.Nbd2 cxd4 7.exd4 Nh5 8.Be3 
Bd6 9.c4 O-O 10.Be2 Nf4 11.O-O Nxe2+ 12.Qxe2 b6 13.Rfc1 Bb7 14.cxd5 exd5 
15.Nf1 Re8 16.Qd2 Rc8 17.Ng3 Qd7 18.Bf4 Bb4 19.Qd3 Qg4 20.Bd2 Bf8 21.a3 g6
22.b4 a6 23.h3 Qd7 24.b5 axb5 25.Qxb5 Ne5 26.Qxd7 Nxd7 27.Bb4 Bh6 28.Rxc8 
Rxc8 29.Re1 Rc1 30.Rxc1 Bxc1 31.Ne2 Bb2 32.Nc3 Bc6 33.Kf1 Nb8 34.Ke2 Bxc3 
35.Bxc3 Bb5+ 36.Ke3 Bf1 37.Ne1 Nc6 38.h4 h5 39.Bb4 f6 40.g3 Kf7 41.Nc2 Ke6
42.Kd2 Bb5 43.Kc3 1/2-1/2

[Event "26th EUR-ch"]
[Site "Katowice POL"]
[Date "2026.04.19"]
[Round "11.137"]
[White "Fruebing, Stefan"]
[Black "Pasti, Zsombor"]
[Result "1-0"]
[WhiteElo "2304"]
[BlackElo "2179"]
[EventDate "2026.04.07"]
[PlyCount "69"]

1.e4 e5 2.Nf3 Nc6 3.Bc4 Bc5 4.c3 Nf6 5.d3 O-O 6.O-O d5 7.exd5 Nxd5 8.a4 a6
9.Nbd2 Bg4 10.Re1 Nb6 11.Ne4 Nxc4 12.Nxc5 Nd6 13.h3 Bh5 14.Qe2 b6 15.Ne4 
Re8 16.b4 f5 17.Ng3 e4 18.Nxh5 exf3 19.Qa2+ Kh8 20.Bf4 Qh4 21.Bxd6 cxd6 
22.Rxe8+ Rxe8 23.Qf7 Qe7 24.Qxe7 Rxe7 25.b5 axb5 26.axb5 Na5 27.Nf4 Re5 
28.c4 fxg2 29.Nd5 g5 30.Kxg2 Re2 31.Nxb6 Nb3 32.Ra7 Nc5 33.Nd5 Kg8 34.Nf6+
Kf8 35.Nd7+ 1-0

[Event "26th EUR-ch"]
[Site "Katowice POL"]
[Date "2026.04.19"]
[Round "11.138"]
[White "Balaji, Aaravamudhan"]
[Black "Hnatyshyn, Anastasiia"]
[Result "1-0"]
[WhiteElo "2301"]
[BlackElo "2164"]
[EventDate "2026.04.07"]
[PlyCount "75"]

1.d4 d5 2.c4 e6 3.Nc3 Nf6 4.cxd5 exd5 5.Bg5 Bb4 6.e3 h6 7.Bh4 g5 8.Bg3 Ne4
9.Qc2 Bf5 10.Bd3 Nc6 11.Ne2 h5 12.O-O Nxc3 13.Bxf5 Nxe2+ 14.Qxe2 Qf6 15.
Qb5 Qxf5 16.Qxb7 O-O 17.Qxc6 Rad8 18.Bxc7 Rd7 19.Rac1 Be7 20.Qc2 Qe6 21.
Be5 Bd8 22.Qc6 Qf5 23.f3 f6 24.e4 Qh7 25.Bd6 Rff7 26.Qxd5 Be7 27.Rc6 Kg7 
28.Rfc1 Qh6 29.e5 g4 30.Re1 Qd2 31.Qe4 Bxd6 32.Rxd6 Rxd6 33.exd6 gxf3 34.
gxf3 Qb4 35.Kh1 Qxd6 36.Rg1+ Kf8 37.Qa8+ Ke7 38.Re1+ 1-0